| 000 | 01690nam a2200241Ia 4500 | ||
|---|---|---|---|
| 003 | Ost | ||
| 005 | 20260507075731.0 | ||
| 008 | 260507s9999||||xx |||||||||||||| ||und|| | ||
| 020 | _a7113327977 | ||
| 040 | _cfsecg | ||
| 041 | _aara | ||
| 082 | _a338.7 | ||
| 100 |
_aزويل، محمود امين _eمؤلف |
||
| 245 | 0 |
_aدراسة الجدوي وادارة المشروعات الصغيرة / _c محمود امين زويل |
|
| 260 |
_aالاسكندرية: _bدار الوفاء, _c2001 |
||
| 300 |
_a199 صفحة؛ _c24 سم |
||
| 490 | _aسلسلة كتب مهارات حول الفكرالاداري والمحاسبي الحديث | ||
| 504 | _aبيبليوغرافيا : ص.197 | ||
| 520 | _aفي هذا الكتاب يتناول معنى الدراسة الجدوى وأهميتها والجوانب الاثنى عشر لدراسة الجدوى كما يعرض الجانب التسويقي لدراسة الجدوى وكان المحتوى كالتالي : دراسة الجدوى معناها واهميتها ، جوانب دراسات الجدوى ، الجانب التسويقي لدراسات الجدوى ، الصندوق الاجتماعي وبرامج دعم عدة قطاعات، ادارة المشروعات الصغيرة ، مفهوم الادارة ووظيفتها، تطور علم وفن الادارة ، التخطيط والادارة بالأهداف ، التنظيم والتشكيل ، التوجيه ، الرقابة وتقييم الانجازات ، التعامل مع مشاكل العمل في التطبيق العملي . | ||
| 653 | _aإدارة المشروعات | ||
| 653 | _aدراسة الجدوى | ||
| 942 | _cكتاب | ||
| 999 |
_c46031 _d46031 |
||